000 01048nam a2200265 4500
001 148476
003 ES-MaACL
005 20250401194438.0
007 t|
008 070214s1946 ag r ||||1| spa d
100 1 _aSteinbeck, John (
_d1902-1968)
_9108042
245 1 3 _aEl pony colorado /
_cJohn Steinbeck ; traducción y prólogo de Martín Rivas.
260 _aBuenos Aires :
_bEd. Siglo Veinte,
_c1946.
300 _a149 p. ;
_c20 cm.
490 1 _aCol. la rosa de los vientos
510 _aCCPB,
_c000845094-3.
655 7 _2tgfbne
_9234959
_aNovelas cortas
700 1 _aRivas, Martín.
_997564
830 0 _aCol. la rosa de los vientos
_9221012
852 _aES-MaACL
_jD-6245
_bR.28895
_bR.M.5840
_9153816
_cSVI
_fSello en tinta azul de la Biblioteca del Ateneo de Madrid.
_xEncuadernación holandesa en tela granate.
942 _2udc
_cMONOGRAFIA
999 _c148476
_d148476